| 000 | 01606nam a2200325 a 4500 | ||
|---|---|---|---|
| 001 | BRCA_3105 | ||
| 005 | 20190320204120.0 | ||
| 008 | 280109s1846----fr-a---###---#000-0dfre-u | ||
| 041 | _afre | ||
| 044 | _afr | ||
| 084 |
_a411 _b.R46 _c1846 |
||
| 100 | 1 |
_aCervantes Saavedra, Miguel de _d1547-1616 _9213 |
|
| 245 | 1 | 0 |
_aHistoire de l´Ingénieux Seigneur Don Quichotte de la Manche _cMiguel de Cervantes Saavedra. |
| 260 |
_aParís _bB. Renault _c1846 |
||
| 300 |
_a407 p. _bil. _c25 cm. |
||
| 500 | _aContenido : Prólogo del autor. Texto en ambas partes abreviado | ||
| 500 | _aEdición : Traduite sur le texte original por Filleau de Saint-Martin. Nouvelle edition revue et corrigée d´aprés les traductions comparées de Oudin et Rosset, Florian, Bouchon-Dubournial et Delaunay, F. de Brotonne, etc. Ornée de 8 gravures | ||
| 500 | _aCopia de la primera edición de 1845 del mismo editor. Contiene el prólogo muy abreviado y el texto de ambas partes. Impresión y papel deficientes. Semipiel; lomera decorada con dorados Lúdovik Osterc | ||
| 500 | _aEstado físico : La edición presenta la cubierta desprendida | ||
| 500 | _aQM336 | ||
| 546 | _aTexto en : francés | ||
| 650 | 1 | 4 |
_aNovela española _yÉpoca clásica, 1500-1700 _9215 |
| 650 | 1 | 4 |
_aLiteratura española _yÉpoca clásica, 1500-1700 _9216 |
| 650 | 1 | 4 |
_aNovela española _ySiglo XVII _9217 |
| 650 | 1 | 4 |
_aDon Quijote (Personaje ficticio) _eNovela _9218 |
| 700 | 1 |
_aSaint-Martin, Francois Filleau de _d1632-1695 _eTraductor _98457 |
|
| 740 | 0 | _aEl Ingenioso Hidalgo Don Quijote de la Mancha | |
| 902 | _aQFM | ||
| 942 |
_2lcc _cB |
||
| 999 |
_c2841 _d2841 |
||